000 00269nam a22001217a 4500
003 SGT
082 _a340
_bSHA
100 _aSHARMA RAGHUNANDAN
245 _aANTI DEFECTION LAWS CONSTITUTIONAL RESTRICTION OR LICENCE
260 _c2021
300 _a39
942 _2ddc
_cTH
999 _c34063
_d34063